Malaysia's policy towards the Middle East : case study of Syria, 1958-2011 /
محفوظ في:
| المؤلف الرئيسي: | |
|---|---|
| التنسيق: | أطروحة كتاب |
| اللغة: | English |
| منشور في: |
2018.
|
| الموضوعات: | |
| الوسوم: |
إضافة وسم
لا توجد وسوم, كن أول من يضع وسما على هذه التسجيلة!
|
| LEADER | 01330cam a2200325 i 4500 | ||
|---|---|---|---|
| 001 | u1127473 | ||
| 003 | SIRSI | ||
| 005 | 201911281518 | ||
| 008 | 191128s2018 my a m 000 0 eng | ||
| 040 | |a UMM |e rda | ||
| 043 | |a a-my--- |a a-sy--- | ||
| 090 | |a U162 |b UM 2018 Alt | ||
| 100 | 1 | |a Altala, Nour, |e author. | |
| 245 | 1 | 0 | |a Malaysia's policy towards the Middle East : |b case study of Syria, 1958-2011 / |c Nour Altala. |
| 264 | 1 | |c 2018. | |
| 300 | |a xix, 185 pages : |b illustrations ; |c 30 cm | ||
| 336 | |a text |2 rdacontent | ||
| 337 | |a unmediated |2 rdamedia | ||
| 338 | |a volume |2 rdacarrier | ||
| 502 | |b M.A.Strateg.Def.Stud. |c Jabatan Pengajian Antarabangsa dan Strategik, Fakulti Sastera dan Sains Sosial, Universiti Malaya |d 2018. | ||
| 504 | |a Bibliography: leaves 179-185. | ||
| 650 | 0 | |a International relations. | |
| 651 | 0 | |a Malaysia |x Foreign relations |z Syria. | |
| 651 | 0 | |a Syria |x Foreign relations |z Malaysia. | |
| 651 | 0 | |a Malaysia |x Politics and government. | |
| 651 | 0 | |a Syria |x Politics and government. | |
| 710 | 2 | |a Universiti Malaya. |b Jabatan Pengajian Antarabangsa dan Strategik, |e degree granting institution. | |
| 900 | |a NNANS NSM | ||
| 596 | |a 1 | ||
| 999 | |a U162 UM 2018 ALT |w LC |c 1 |i A517377157 |f 5/12/2019 |g 1 |l STACKS |m P01UTAMA |r Y |s Y |t TESIS |u 28/11/2019 |1 AHSS |o .STAFF. Surat agreement & CD tidak disertakan (FSSS). | ||
